=LDR 00000nam 2200000 4500 =001 INLIS000000000004942 =005 20130612093214 =008 ***********************************Ind** =035 ##$$0010-061300000004942 =041 ##$$a Ind =082 ##$$a 92(PASTEM) =090 ##$$a 92(PASTEM), Par r =100 ##$$a PARKER, Steve =245 ##$$a Roim Pastem dan kuman / oleh Steve Parker. -- =260 ##$$a 1998 $b Jakarta : Quality Press =300 ##$$a 31 hlm. : ilus. ; 30 cm =850 ##$$a NBPNMAT